=LDR 00000nam 2200000 4500 =001 INLIS000000000016352 =005 20130612111628 =008 ***********************************Ind** =035 ##$$0010-061300000016352 =041 ##$$a Ind =082 ##$$a 372.6 =090 ##$$a 372.6, Nur t =100 ##$$a Nurmujiningsih, Erlis =245 ##$$a Tangkas berbahasa Indonesia untuk SD, disusun berdasarkan kurikulum 1994; Erlis Nurmujiningsih ; editor, Drs. Lukman Hakim, M. Hum =260 ##$$a 1997 $b Bandung =300 ##$$a ...jil., ilus, 21 cm =650 ##$$a Pendidikan dasar =650 ##$$a Bahasa Indonesia =700 ##$$a Hakim, Lukman =850 ##$$a NBPNMAT